| 000 | 00949cam a22002654a 4500 | ||
|---|---|---|---|
| 020 | _a076454229X (PAPER/CDROM) | ||
| 040 | _cDLC | ||
| 082 | 0 | 0 | _a004 WIL 2004 A007 Or. |
| 100 | 1 | _aPress, Barry, | |
| 245 | 1 | 0 |
_aPC toys : _b14 cool projects for home, office, and entertainment / |
| 260 |
_aIndianapolis, IN : _bWiley Pub., _cc2004. |
||
| 300 |
_axxv, 308 p. : _bill. ; _c24 cm. + _e1 CD-ROM (4 3/4 in.) |
||
| 500 | _a"Extreme Tech"--Cover. | ||
| 650 | 0 | _aHome automation. | |
| 650 | 0 | _aComputer input-output equipment. | |
| 650 | 0 | _aHome computer networks. | |
| 650 | 0 | _aHousehold electronics. | |
| 650 | 0 | _aHome entertainment systems. | |
| 650 | 0 | _aIBM-compatible computers | |
| 700 | 1 | _aPress, Marcia, | |
| 856 | 4 | 2 | _uhttp://www.loc.gov/catdir/bios/wiley046/2003017922.html |
| 856 | 4 | 1 | _uhttp://www.loc.gov/catdir/toc/ecip047/2003017922.html |
| 856 | 4 | 2 | _uhttp://www.loc.gov/catdir/description/wiley039/2003017922.html |
| 942 | _cEK | ||
| 999 |
_c12595 _d12595 |
||